| 000 | 00684nam a2200193 a 4500 | ||
|---|---|---|---|
| 003 | 0 | ||
| 005 | 20250301112859.0 | ||
| 008 | 100902s19uu xx 00 eng d | ||
| 050 |
_aPGS TP 331 _b.C545 2010 |
||
| 100 | _aChoi, Damin. | ||
| 245 |
_aThe efficiency of the use of banana leaf briquette / _cDamin Choi. |
||
| 260 |
_aLas PiƱas City, Philippines : _bSouthville International School and Colleges, _c2010. |
||
| 300 |
_a18 pages : _bcolored illustrations ; _c28 cm. |
||
| 504 | _aIncludes bibliographical references. | ||
| 650 |
_aAlternative fuels _vBanana leaves. |
||
| 650 |
_aBriquettes _vEfficiency. |
||
| 650 |
_aBiomass energy _vFuel efficiency. |
||
| 942 |
_2lcc _cPASS |
||
| 999 |
_c98333 _d98333 |
||